000 00648nam a2200241Ia 4500
003 OSt
005 20221005121441.0
006 a|||||r|||| 00| 0
007 ta
008 221004b |||||||| |||| 00| 0 eng d
024 _a40863
037 _cTextual
040 _aCRL
_cCRL
_beng
041 _2eng
_aeng
082 _aO111,1M07w, K4
100 _aHirsh Edward
_9630628
245 0 _aHenry Wadsworth Longfellow
260 _c1964
490 _aUniversity of Minnesota Pamphlets on American writers,35
650 _aENGLISH LITERATURE
942 _hO111,1M07w, K4
_cTEXL
_2cc
999 _c1041191
_d1041191